|
|
|
|
| LEADER |
01369nam a22003617i 4500 |
| 001 |
40435 |
| 003 |
BD-DhAAL |
| 005 |
20230105164517.0 |
| 008 |
230105t2018 dcua b 001 0 eng d |
| 010 |
|
|
|a 2018419762
|
| 020 |
|
|
|a 1464812942
|
| 020 |
|
|
|a 9781464812941
|
| 020 |
|
|
|z 9781464812958
|
| 035 |
|
|
|a (OCoLC)on1041903191
|
| 040 |
|
|
|a YDX
|b eng
|c YDX
|e rda
|d BDX
|d LSD
|d CDX
|d OCLCF
|d OCLCQ
|d HUA
|d SINLB
|d DLC
|d BD-DhAAL
|
| 042 |
|
|
|a lccopycat
|
| 043 |
|
|
|a az-----
|
| 082 |
0 |
4 |
|a 382.1
|2 23
|
| 245 |
0 |
2 |
|a A glass half full :
|b the promise of regional trade in South Asia /
|c Sanjay Kathuria, editor.
|
| 260 |
|
|
|a Washington DC :
|b World Bank Group,
|c 2018
|
| 300 |
|
|
|a xxii, 227 pages :
|b illustrations (some color) ;
|c 26 cm.
|
| 490 |
1 |
|
|a South Asia development forum
|
| 504 |
|
|
|a Includes bibliographical references.
|
| 541 |
|
|
|a Donated by Akbar Ali Khan
|e 40435
|
| 650 |
|
7 |
|a Commerce.
|
| 651 |
|
0 |
|a South Asia
|x Commerce.
|9 53247
|
| 651 |
|
7 |
|a South Asia.
|
| 700 |
1 |
|
|a Kathuria, Sanjay,
|e author.
|9 53248
|
| 830 |
|
0 |
|a South Asia development forum.
|9 53249
|
| 852 |
|
|
|a Ayesha Abed Library
|c Akbar Ali Khan Collection
|
| 942 |
|
|
|2 ddc
|c BK
|
| 999 |
|
|
|c 45404
|d 45404
|
| 952 |
|
|
|0 0
|1 0
|2 ddc
|4 0
|6 382_100000000000000_GLA
|7 1
|9 72788
|a BRACUL
|b BRACUL
|c AAKC
|d 2023-01-05
|e Donated by Akbar Ali Khan
|g 2849.31
|l 0
|o 382.1 GLA
|p 3010040435
|r 2023-01-05
|t 1
|v 2849.31
|w 2023-01-05
|y BK
|